Statistiche per Quiz sulle console della Nintendo

Clicka qui per fare il quiz!

Statistiche generali

  • Questo quiz è stato fatto 37 volte
  • Il punteggio medio è 10 su 15

Statistiche sulle risposte

Data di rilascioConsole% Corretto
2004Nintendo DS
97%
2017Nintendo Switch
94%
2011Nintendo 3DS
91%
1983Nintendo Entertainment System
91%
2006Wii
82%
1980Game & Watch
70%
1989Game Boy
67%
2013Nintendo 2DS
67%
2012WiiU
67%
2001Game Boy Advance
58%
1998Game Boy Color
55%
1996Nintendo 64
55%
1990Super Nintendo Entertainment System
48%
2001Nintendo GameCube
45%
1977Color TV Game
15%

Distribuzione punteggi

Percentile per numero di risposta

Percentuale di utenti per punteggio

I tuoi punteggi nel tempo

Non hai fatto questo quiz